Programa : II Trobada d'Estudiosos del Foix : 23 d'octubre de 2008, Masia Mas Catarro (Santa Margarida i els Monjos) II Trobada d'Estudiosos del Foix :
Publicado:
Barcelona :
Diputació de Barcelona. Àrea d'Espais Naturals. Oficina Tècnica de Parcs Naturals ,
2008
Descripción Física:
[44] p. : il. ; 30 cm
MARC
| LEADER | 00000nam a2200000Ia 4500 | ||
|---|---|---|---|
| 001 | 21169 | ||
| 008 | 160829s2008 xx 000 0 cat d | ||
| 080 | |a FU-29-20 | ||
| 100 | |a Trobada d'Estudiosos del Foix (2a : 2008 : Santa Margarida i els Monjos) |9 43146 | ||
| 245 | |a Programa : |b II Trobada d'Estudiosos del Foix : |b 23 d'octubre de 2008, Masia Mas Catarro (Santa Margarida i els Monjos) | ||
| 260 | |a Barcelona : |b Diputació de Barcelona. Àrea d'Espais Naturals. Oficina Tècnica de Parcs Naturals, |c 2008 | ||
| 300 | |a [44] p. : |b il. ; |c 30 cm | ||
| 590 | |a Programa i resums de les jornades | ||
| 651 | 0 | |a Foix, Conca del (Catalunya) |x Congressos |9 72085 | |
| 710 | 2 | |a Barcelona (Catalunya : Província). |b Oficina Tècnica de Parcs Naturals |9 54370 | |
| 901 | |a Arxiu | ||
| 942 | |n 1 | ||
| 952 | |0 0 |1 0 |4 0 |6 FU2920 |7 1 |9 51234 |a Arxiu |b Arxiu |d 2016-12-01 |l 0 |o FU-29-20 |p 21169 |r 2016-12-01 00:00:00 |w 2016-12-01 |y ARXIU | ||
| 999 | |c 55077 |d 55077 | ||